Statistics for Japanese Alphabet (Hiragana)

Click here to take the quiz!

General Stats

  • This quiz has been taken 1,771 times
  • The average score is 63 of 71

Answer Stats

Answer% Correct
a
99%
i
97%
ka
97%
n
96%
sa
96%
e
95%
ki
95%
o
95%
ta
95%
u
95%
ko
94%
ku
94%
shi
94%
ga
93%
ha
93%
ke
93%
ma
93%
su
93%
na
92%
ra
92%
se
92%
ni
91%
no
91%
so
91%
te
91%
to
91%
wa
91%
ya
91%
chi
90%
gi
90%
hi
90%
mi
90%
mo
90%
ne
90%
ri
90%
ro
90%
ru
90%
da
89%
go
89%
gu
89%
me
89%
mu
89%
nu
89%
ba
88%
ge
88%
he
88%
ho
88%
re
88%
tsu
88%
yo
88%
za
88%
fu
86%
pa
86%
yu
86%
be
85%
bi
85%
de
85%
do
85%
pi
85%
ze
85%
zu
85%
bo
84%
bu
84%
pe
84%
po
84%
pu
84%
zo
84%
o/wo
82%
ji
81%
du
68%
di
67%

Score Distribution

Percentile by Number Answered

Percent of People with Each Score

Your Score History

You have not taken this quiz